000 00401pab a2200169 454500
008 180718b2005 xxu||||| |||| 00| 0 eng d
100 _aArora, S.C.
245 _aFinancing urban local governments
260 _c2005
300 _ap.38-40.
362 _aOct-Dec
650 _aLocal government
650 _aUrban development
700 _aPrabhakar, R.K.
773 _aNagarlok
909 _a68756
999 _c68756
_d68756